| 000 | 00563nam a22001937a 4500 | ||
|---|---|---|---|
| 003 | 0 | ||
| 005 | 20250307152410.0 | ||
| 008 | 250307b xxu||||| |||| 00| 0 eng d | ||
| 020 | _a0-09-941076-1 | ||
| 050 |
_aRC 55 _b.P35 1985 |
||
| 100 | _aPalmer, Michael | ||
| 245 |
_aSide effects _cMichael Palmer |
||
| 260 |
_aArrow Books _bLondon _cc1985 |
||
| 300 |
_a344 pages ; _c18cm. |
||
| 500 | _aLost & replaced by Dimacuta, G. Rikah (8/13/2014) | ||
| 650 | _aMedical thrillers--Fiction. | ||
| 650 | _aPharmaceutical industry – Fiction. | ||
| 942 |
_2lcc _cBK |
||
| 999 |
_c367273 _d367273 |
||